Membres de la Communauté de l'Anneau - Mort subite - Statistiques

Statistiques générales
  • Ce quiz a été pris 175 fois
  • Le résultat moyen est 8 sur 9
Answers on the Grid
Answers color-coded by a green-red scale on the quiz's grid according to % correct below.
Frodon
Gandalf
Sam
Legolas
Aragorn
Gimli
Pippin
Merry
Boromir
Bilbon
Faramir
Elrond
Arwen
Luke
Gollum
Galadriel
Thorin
Tom
 
Statistiques - réponses
Réponse % Correct
Aragorn
90%
Sam
90%
Frodon
89%
Gandalf
89%
Pippin
88%
Gimli
87%
Legolas
87%
Merry
86%
Boromir
84%
Aucun quiz correspondant
Distribution des résultats
% des personnes avec chaque résultat
Percentile par nombre de réponses
Votre historique - résultats
Vous n’avez pas pris ce quiz